| 000 | 00604nam a2200133Ia 4500 | ||
|---|---|---|---|
| 008 | 171212s9999 xx 000 0 und d | ||
| 020 | _a9780833039408 | ||
| 100 | _aMcCarthy, Kevin F.;Peterson, D. J.;Sastry, Narayan;Pollard, Michael | ||
| 245 |
_cMcCarthy, Kevin F.;Peterson, D. J.;Sastry, Narayan;Pollard, Michael _aThe Repopulation of New Orleans After Hurricane Katrina |
||
| 260 |
_bRAND Corporation _c2006 |
||
| 650 | _aHealth Sciences | ||
| 650 | _aNew Orleans (La.) -- Population; Hurrican Katrina, 2005; City planning -- Louisiana -- New Orleans | ||
| 856 | _uwww.jstor.org/stable/10.7249/tr369rc | ||
| 999 |
_c352709 _d352709 |
||